Necesidades nutritivas de los animales domesticos; necesidades nutritivas del ganado vacuno lechero /

Guardado en:
Formato: Libro
Publicado: Buenos Aires : Hemisferio Sur, 1979
Materias:
Etiquetas: Agregar Etiqueta
Sin Etiquetas, Sea el primero en etiquetar este registro!
LEADER 00702nam a22002055a 4500
001 CEM.cems015637
005 20110502103849.0
008 130507s1979##################000#0#####d
003 CEMS
082 0 4 |a 636.085 
245 0 0 |a Necesidades nutritivas de los animales domesticos; necesidades nutritivas del ganado vacuno lechero / 
260 |a Buenos Aires :  |b Hemisferio Sur,  |c 1979 
300 |a 75 p. 
653 |a Bovinos de leche 
653 |a Bovinos-nutrición 
653 |a Ganadería 
653 |a Ganado-alimentación 
653 |a Nutrición animal 
859 |a CEMS  |b BIB. CEMS - Agricultura  |h 636.085  |i N28  |p A7153.79  |t Ej.1  |v 9  |3 9 
859 |a CEMS  |b BIB. CEMS - Agricultura  |h 636.085  |i N28  |p A9594.81  |t Ej.2  |v 9  |3 9